| 000 | 00000nam##2200000za#4500 |
| 001 | 9.681127 |
| 003 | CaOODSP |
| 005 | 20240212134143 |
| 007 | ta |
| 008 | 150407|2000||||xxc||||| f|0| 0 fre|d |
| 020 | |a0-662-84721-0 |
| 040 | |aCaOODSP|bfre |
| 043 | |an-cn--- |
| 086 | 1 |aNE23-87/2000F |
| 110 | 1 |aCanada. |bOffice national de l'énergie. |
| 245 | 10|aAnalyse du rendement des puits de gaz horizontaux de la Colombie-Britannique |
| 260 | |aCalgary - Alberta : |bOffice national de l'énergie |c2000. |
| 300 | |av, 28p. : |bgraphiques, tableaux ; |c28 cm. |
| 500 | |a«Le présent rapport[...] dresse un tableau de l'utilisation des technologies de forage des puits horizontaux en vue de la production de gaz dans le Nord-Est de la Colombie-Britannique de 1988 à 1998. Il a été préparé à l'intention de spécialistes techniques et s'attache à décrire, avec la plus grande concision possible, l'état actuel de la technologie du forage horizontal et de ses applications, ainsi que leurs répercussions.»--Avant-propos. |
| 520 | 3 |aLe présent rapport[...] dresse un tableau de l'utilisation des technologies de forage des puits horizontaux en vue de la production de gaz dans le Nord-Est de la Colombie-Britannique de 1988 à 1998. Il a été préparé à l'intention de spécialistes techniques et s'attache à décrire, avec la plus grande concision possible, l'état actuel de la technologie du forage horizontal et de ses applications, ainsi que leurs répercussions.--Avant-propos |
| 563 | |aCouverture souple |
| 590 | |a00-44|b2000-11-03 |
| 691 | 07|aForage|2gcpds |
| 691 | 07|aGaz naturel|2gcpds |
| 691 | 07|aIndustrie pétrolière|2gcpds |
| 775 | 08|tAnalysis of horizontal gas well performance in British Columbia |w(CaOODSP)9.647743 |
| 776 | 0#|tAnalyse du rendement des puits de gaz horizontaux de la Colombie-Britannique / |w(CaOODSP)9.640106 |